Grandes temas básicos del Derecho Penal (Record no. 129468)

MARC details
000 -LEADER
fixed length control field 01140nam a22002777a 4500
005 - DATE AND TIME OF LATEST TRANSACTION
control field 20170627100800.0
008 - FIXED-LENGTH DATA ELEMENTS--GENERAL INFORMATION
fixed length control field 170627b cr ||||| |||| 00| 0 spa d
020 ## - INTERNATIONAL STANDARD BOOK NUMBER
International Standard Book Number 9968380873 (O.C.)
020 ## - INTERNATIONAL STANDARD BOOK NUMBER
International Standard Book Number 9968380563 (v:1)
020 ## - INTERNATIONAL STANDARD BOOK NUMBER
International Standard Book Number 996838058X (v.2)
020 ## - INTERNATIONAL STANDARD BOOK NUMBER
International Standard Book Number 9968380628 (v.3)
050 04 - LIBRARY OF CONGRESS CALL NUMBER
Classification number K5015.4.A6
Item number J56 2002
100 1# - MAIN ENTRY--PERSONAL NAME
Personal name Jiménez de Asúa, Luis
245 10 - TITLE STATEMENT
Title Grandes temas básicos del Derecho Penal
Statement of responsibility, etc / Luis Jiménez de Asúa, Eugene Florian
250 ## - EDITION STATEMENT
Edition statement 1a. ed.
260 ## - PUBLICATION, DISTRIBUTION, ETC. (IMPRINT)
Place of publication, distribution, etc San José, Costa Rica :
Name of publisher, distributor, etc Jurídica Universitaria,
Date of publication, distribution, etc 2002
300 ## - PHYSICAL DESCRIPTION
Extent 3. v. ;
Dimensions 28 cm.
490 0# - SERIES STATEMENT
Series statement Grandes Temas Básicos del Derecho Penal
490 0# - SERIES STATEMENT
Series statement Grandes Maestros del Derecho Penal
504 ## - BIBLIOGRAPHY, ETC. NOTE
Bibliography, etc Incluye bibliografía e índice
505 00 - FORMATTED CONTENTS NOTE
Formatted contents note Contenido:
Title V. 1 Introducción al Derecho Penal
Statement of responsibility / Luis Jiménez de Asúa.
Title V. 2 Teoría del delito
Statement of responsibility / Luis Jiménez de Asúa.
Title V. 3 Difamación : Estudio psicológico-jurídico
Statement of responsibility / Eugene Florian ; traducción de P. Herrera de Huerta.
650 #7 - SUBJECT ADDED ENTRY--TOPICAL TERM
Source of heading or term lemb
Topical term or geographic name as entry element Derecho Penal
700 1# - ADDED ENTRY--PERSONAL NAME
Personal name Florian, Eugene
Relator term autor
700 1# - ADDED ENTRY--PERSONAL NAME
Personal name Herrera de Huerta, P.
Relator term traductor
942 ## - ADDED ENTRY ELEMENTS (KOHA)
Source of classification or shelving scheme Biblioteca del Cogreso de los Estados Unidos
Koha item type Libro
Holdings
Estado de pérdida Fuente de clasificación Estado del daño No para préstamo Ubicación permanente Ubicación actual Apartado o colección Fecha de adquisición Edición Enumeración de Serie / Cronológica Área del conocimiento Clasificación Código de Barras Date last seen Número de copia Costo por reposición Tipo de recurso
  Biblioteca del Cogreso de los Estados Unidos     Biblioteca de la Unidad de Ciencias Ingeniería y Humanidades Biblioteca de la Unidad de Ciencias Ingeniería y Humanidades General 13/03/2017 1a ed. BCU000017850 Ciencias Sociales y Administrativas K5015.4.A6 J56 2002 V.1 BCU000017850 13/03/2017 C:1 1.00 Libro
  Biblioteca del Cogreso de los Estados Unidos     Biblioteca de la Unidad de Ciencias Ingeniería y Humanidades Biblioteca de la Unidad de Ciencias Ingeniería y Humanidades General 13/03/2017 1a. ed. BCU000017851 Ciencias Sociales y Administrativas K5015.4.A6 J56 2002 V.1 BCU000017851 13/03/2017 C:2 1.00 Libro
  Biblioteca del Cogreso de los Estados Unidos     Biblioteca de la Unidad de Ciencias Ingeniería y Humanidades Biblioteca de la Unidad de Ciencias Ingeniería y Humanidades General 13/03/2017 1a. ed. BCU000017852 Ciencias Sociales y Administrativas K5015.4.A6 J56 2002 V.1 BCU000017852 13/03/2017 C:3 1.00 Libro
  Biblioteca del Cogreso de los Estados Unidos     Biblioteca de la Unidad de Ciencias Ingeniería y Humanidades Biblioteca de la Unidad de Ciencias Ingeniería y Humanidades General 13/03/2017 1a. ed. BCU000017853 Ciencias Sociales y Administrativas K5105.4.A6 J56 2002 BCU000017853 13/03/2017 C:1 1.00 Libro
  Biblioteca del Cogreso de los Estados Unidos     Biblioteca de la Unidad de Ciencias Ingeniería y Humanidades Biblioteca de la Unidad de Ciencias Ingeniería y Humanidades General 13/03/2017 1a. ed. BCU000017854 Ciencias Sociales y Administrativas K5015.4.A6 J56 2002 V.2 BCU000017854 13/03/2017 C:2 1.00 Libro
  Biblioteca del Cogreso de los Estados Unidos     Biblioteca de la Unidad de Ciencias Ingeniería y Humanidades Biblioteca de la Unidad de Ciencias Ingeniería y Humanidades General 13/03/2017 1a. ed. BCU000017855 Ciencias Sociales y Administrativas K5015.4.A6 J56 2002 V.2 BCU000017855 13/03/2017 C:3 1.00 Libro
  Biblioteca del Cogreso de los Estados Unidos     Biblioteca de la Unidad de Ciencias Ingeniería y Humanidades Biblioteca de la Unidad de Ciencias Ingeniería y Humanidades General 13/03/2017 1a. ed. BCU000017856 Ciencias Sociales y Administrativas K5015.4.A6 J56 2002 V.3 BCU000017856 13/03/2017 C:1 1.00 Libro
  Biblioteca del Cogreso de los Estados Unidos     Biblioteca de la Unidad de Ciencias Ingeniería y Humanidades Biblioteca de la Unidad de Ciencias Ingeniería y Humanidades General 13/03/2017 1a. ed. BCU000017857 Ciencias Sociales y Administrativas K5015.4.A6 J56 2002 V.3 BCU000017857 13/03/2017 C:2 1.00 Libro
  Biblioteca del Cogreso de los Estados Unidos     Biblioteca de la Unidad de Ciencias Ingeniería y Humanidades Biblioteca de la Unidad de Ciencias Ingeniería y Humanidades General 13/03/2017 1a. ed. BCU000017858 Ciencias Sociales y Administrativas K5015.4.A6 J56 2002 V.3 BCU000017858 13/03/2017 C:3 1.00 Libro